| 000 | 00829nam a2200241 a 4500 | ||
|---|---|---|---|
| 999 |
_c11331 _d11331 |
||
| 001 | 11331 | ||
| 003 | BD-JhCC | ||
| 005 | 20190827124823.0 | ||
| 008 | 190626s 2011bg a|||| ||a| 001 0 ben d | ||
| 020 | _a9789848857236 | ||
| 035 | _a(BD-JhCC)11331 | ||
| 040 |
_aBD-JhCC _dBD-JhCC |
||
| 041 | _aben | ||
| 082 |
_bBIG 2011 _a925 |
||
| 245 |
_aবিজ্ঞানী মেঘনাদ সাহার জীবন ও দর্শন / _cসম্পাদনা: রথীন্দ্রনাথ সাহা । |
||
| 260 |
_aঢাকা: _bমুক্তধারা; _c২০১১. |
||
| 300 |
_a১২৭ পৃ. : _bill; _c২২ সেমি. |
||
| 600 | _aSaha, Meghanath | ||
| 650 | _aScientist | ||
| 700 | _a সাহা, রথীন্দ্রনাথ | ||
| 942 |
_2ddc _cBK |
||